Assessment of Responsible Innovation : Methods and Practices.

Brings together many of the leading researchers and thinkers in the field of RRI to present the most comprehensive review of RRI assessment tools.

Bibliographic Details
Main Author: Yaghmaei, Emad.
Other Authors: Poel, Ibo van de.
Format: eBook
Language:English
Published: Milton : Taylor & Francis Group, 2020.
Edition:1st ed.
Subjects:
Online Access:Click to View
LEADER 01639nam a22003853i 4500
001 EBC7244737
003 MiAaPQ
005 20231204023228.0
006 m o d |
007 cr cnu||||||||
008 231204s2020 xx o ||||0 eng d
020 |a 9781000292800  |q (electronic bk.) 
020 |z 9780367279752 
035 |a (MiAaPQ)EBC7244737 
035 |a (Au-PeEL)EBL7244737 
035 |a (OCoLC)1378934407 
040 |a MiAaPQ  |b eng  |e rda  |e pn  |c MiAaPQ  |d MiAaPQ 
082 0 |a 174.4 
100 1 |a Yaghmaei, Emad. 
245 1 0 |a Assessment of Responsible Innovation :  |b Methods and Practices. 
250 |a 1st ed. 
264 1 |a Milton :  |b Taylor & Francis Group,  |c 2020. 
264 4 |c Ã2021. 
300 |a 1 online resource (395 pages) 
336 |a text  |b txt  |2 rdacontent 
337 |a computer  |b c  |2 rdamedia 
338 |a online resource  |b cr  |2 rdacarrier 
520 |a Brings together many of the leading researchers and thinkers in the field of RRI to present the most comprehensive review of RRI assessment tools. 
588 |a Description based on publisher supplied metadata and other sources. 
590 |a Electronic reproduction. Ann Arbor, Michigan : ProQuest Ebook Central, 2023. Available via World Wide Web. Access may be limited to ProQuest Ebook Central affiliated libraries.  
655 4 |a Electronic books. 
700 1 |a Poel, Ibo van de. 
776 0 8 |i Print version:  |a Yaghmaei, Emad  |t Assessment of Responsible Innovation  |d Milton : Taylor & Francis Group,c2020  |z 9780367279752 
797 2 |a ProQuest (Firm) 
856 4 0 |u https://ebookcentral.proquest.com/lib/matrademy/detail.action?docID=7244737  |z Click to View